London Train Stations - Statistics

General Stats
  • This quiz has been taken 402 times
    401 since last reset
  • The average score is 128 of 340
Answer Stats
Zone Station % Correct
1 Waterloo
86%
1 King's Cross
84%
1 London Bridge
81%
1 Victoria
81%
1 Paddington
80%
1 Euston
78%
1 Liverpool Street
78%
1 St Pancras International
76%
1 Blackfriars
73%
2/3 Stratford
73%
2 Clapham Junction
72%
1 Charing Cross
68%
1 Farringdon
68%
3 Wimbledon
67%
2/3 West Ham
66%
5 East Croydon
65%
1 Cannon Street
64%
1 Marylebone
64%
1 Fenchurch Street
63%
1 Waterloo East
63%
5 West Croydon
63%
4 Barking
62%
1 City Thameslink
62%
4 Richmond
62%
3 Ealing Broadway
61%
2/3 Greenwich
60%
4 Woolwich
59%
2 New Cross
58%
3/4 Crystal Palace
57%
1/2 Elephant & Castle
57%
1 Bond Street
56%
6 Romford
56%
1 Tottenham Court Road
56%
5 Hayes
55%
2 Finsbury Park
54%
2/3 Lewisham
54%
1 Moorgate
54%
2 New Cross Gate
54%
2 Peckham Rye
54%
5 Sutton
54%
6 Upminster
54%
1/2 Vauxhall
54%
4 Abbey Wood
53%
3 Acton Main Line
53%
2 Brixton
53%
2 Canary Wharf
53%
3 Streatham
53%
2 Whitechapel
53%
2 Denmark Hill
52%
2 Highbury & Islington
52%
2 Shepherd's Bush
52%
2 West Hampstead
52%
2 Battersea Park
51%
4 Wembley Central
51%
2/3 Willesden Junction
51%
2 Canada Water
50%
4 Ilford
50%
4 Southall
50%
5 South Croydon
50%
2 Hackney Central
49%
6 Heathrow Terminal 5
49%
2 Kensington (Olympia)
49%
2 Kentish Town
49%
3/4 Kew Gardens
49%
4 Norwood Junction
49%
1 Shoreditch High Street
49%
2 Hackney Wick
48%
6 Heathrow Terminal 4
48%
3 Tooting
48%
2 Clapham High Street
47%
6 Kingston
47%
1 Old Street
47%
3 Sydenham
47%
3 Forest Hill
46%
5 Hayes & Harlington
46%
4 Penge West
46%
2/3 Stratford International
46%
2 Surrey Quays
46%
2 Wapping
46%
3 West Ealing
46%
3 Acton Central
45%
3 Barnes
45%
2 Deptford
45%
5 Enfield Town
45%
2 Hackney Downs
45%
2/3 Putney
45%
2 Queen's Park
45%
2 Rotherhithe
45%
3 Seven Sisters
45%
3 Tottenham Hale
45%
5 Bromley South
44%
2 Dalston Junction
44%
2 Gospel Oak
44%
3 Gunnersbury
44%
5 Harrow & Wealdstone
44%
5 Hounslow
44%
1/2 Hoxton
44%
6 Orpington
44%
2 Queens Road Peckham
44%
3 Walthamstow Central
44%
4 Woolwich Arsenal
44%
3 Balham
43%
2 Bethnal Green
43%
2 Camden Road
43%
2 Hampstead Heath
43%
2/3 Herne Hill
43%
2 Homerton
43%
2 Imperial Wharf
43%
2 Shadwell
43%
3 South Acton
43%
5 Twickenham
43%
2 West Brompton
43%
2 Brockley
42%
2 Brondesbury
42%
2 Haggerston
42%
2 Kentish Town West
42%
4 Barking Riverside
41%
3 Catford
41%
5 Chingford
41%
2 Dalston Kingsland
41%
6 Heathrow Terminals 2 & 3
41%
2 Kensal Rise
41%
2 Kilburn High Road
41%
2 London Fields
41%
3 Maryland
41%
2 South Hampstead
41%
4 Anerley
40%
4 Beckenham Junction
40%
2 Brondesbury Park
40%
5 Carshalton
40%
2 Finchley Road & Frognal
40%
3 Harlesden
40%
2 Limehouse
40%
4 Mitcham Junction
40%
4 Seven Kings
40%
2 Wandsworth Town
40%
6 West Drayton
40%
3 Alexandra Palace
39%
6 Bexley
39%
3 Blackhorse Road
39%
4 Bromley North
39%
2 Cambridge Heath
39%
2/3 Clapton
39%
3 Custom House
39%
4 Hanwell
39%
3 Harringay
39%
3 Honor Oak Park
39%
2 Kensal Green
39%
4 Kenton
39%
2 Loughborough Junction
39%
3 Stonebridge Park
39%
3 Tulse Hill
39%
2 Wandsworth Road
39%
3 White Hart Lane
39%
3 Barnes Bridge
38%
3 Charlton
38%
3 Earlsfield
38%
3 Forest Gate
38%
4 North Wembley
38%
2 Queenstown Road
38%
3 South Tottenham
38%
2 Stoke Newington
38%
3 Wandsworth Common
38%
4 Wembley Stadium
38%
5 Bexleyheath
37%
2 Canonbury
37%
4 Edmonton Green
37%
2 Essex Road
37%
6 Hampton
37%
6 Hatch End
37%
6 Purley
37%
4 South Kenton
37%
3 Streatham Common
37%
6 Surbiton
37%
6 Turkey Street
37%
3 Walthamstow Queen's Road
37%
3 Bruce Grove
36%
3 Cricklewood
36%
6 Emerson Park
36%
4 Greenford
36%
5 Headstone Lane
36%
4 Mill Hill Broadway
36%
3 Streatham Hill
36%
6 Teddington
36%
3 Wanstead Park
36%
6 West Ruislip
36%
2 Caledonian Road & Barnsbury
35%
2 Drayton Park
35%
4 Goodmayes
35%
5 Harrow-on-the-Hill
35%
3 Leyton Midland Road
35%
3 Mitcham Eastfields
35%
4 Silver Street
35%
2 Upper Holloway
35%
2 West Hampstead Thameslink
35%
5 Bush Hill Park
34%
5 Chadwell Heath
34%
2 East Dulwich
34%
6 Gidea Park
34%
3 Harringay Green Lanes
34%
3/4 Hendon
34%
3 Leytonstone High Road
34%
4 Morden South
34%
2 Rectory Road
34%
4 Selhurst
34%
4 Thornton Heath
34%
5 West Sutton
34%
3 Wimbledon Chase
34%
4 Penge East
33%
3 Stamford Hill
33%
3 Blackheath
32%
3 Chiswick
32%
3 Crouch Hill
32%
3/4 Manor Park
32%
4 Raynes Park
32%
3 St James Street
32%
3 West Dulwich
32%
3/4 Woodgrange Park
32%
4 Wood Street
32%
4 Brentford
31%
3 Catford Bridge
31%
3 Kew Bridge
31%
5 South Ruislip
31%
5 Strawberry Hill
31%
3 West Norwood
31%
4 Highams Park
30%
4 Isleworth
30%
3 Mortlake
30%
4 New Southgate
30%
2/3 North Dulwich
30%
2 Nunhead
30%
5 Petts Wood
30%
2 South Bermondsey
30%
3 Brent Cross West
29%
4 Eltham
29%
6 Feltham
29%
6 Harold Wood
29%
5 New Barnet
29%
5 Norbiton
29%
4 South Merton
29%
2 St Johns
29%
3 Hornsey
28%
3 Ladywell
28%
4 New Malden
28%
4 Plumstead
28%
5 Southbury
28%
4 St Helier
28%
4 Sutton Common
28%
3 Woolwich Dockyard
28%
5 Bickley
27%
4 Elmers End
27%
6 Erith
27%
3 Hither Green
27%
3 Maze Hill
27%
3 Norbury
27%
6 Purley Oaks
27%
6 Slade Green
27%
4 St Margarets
27%
6 St Mary Cray
27%
4 Syon Lane
27%
4 Beckenham Hill
26%
5 Carshalton Beeches
26%
5 Chislehurst
26%
4 Hackbridge
26%
3 Lee
26%
5 Sidcup
26%
3 Sydenham Hill
26%
6 Chessington South
25%
6 Coulsdon South
25%
5 Dagenham Dock
25%
3 Gipsy Hill
25%
4 Grove Park
25%
3 Haydons Road
25%
3 Bellingham
24%
4 Castle Bar Park
24%
6 Chessington North
24%
4 Drayton Green
24%
6 Hampton Wick
24%
4 Motspur Park
24%
4 South Greenford
24%
5 Wallington
24%
5 Cheam
23%
4 Clock House
23%
5 Enfield Chase
23%
4 Kent House
23%
4 Lower Sydenham
23%
3 North Sheen
23%
4 Oakleigh Park
23%
4 Shortlands
23%
5 Belvedere
22%
4 Birkbeck
22%
6 Enfield Lock
22%
4 Mottingham
22%
4 New Eltham
22%
6 Rainham
22%
4 Worcester Park
22%
6 Coulsdon Town
21%
3 Crofton Park
21%
4 Meridian Water
21%
3 Westcombe Park
21%
5 West Wickham
21%
5 Belmont
20%
5 Berrylands
20%
3/4 Bowes Park
20%
6 Fulwell
20%
3 Kidbrooke
20%
3 Lea Bridge
20%
3 Northumberland Park
20%
5 Ponders End
20%
4 Sudbury & Harrow Road
20%
5 Whitton
20%
6 Crayford
19%
4 Malden Manor
19%
4 New Beckenham
19%
4 Sudbury Hill Harrow
19%
6 Hadley Wood
18%
5 Northolt Park
18%
4 Ravensbourne
18%
6 Sanderstead
18%
5 Tolworth
18%
5 Eden Park
17%
4 Palmers Green
17%
4 Welling
17%
6 Chelsfield
16%
4 Elmstead Woods
16%
4 Falconwood
16%
6 Kenley
16%
5 Waddon
16%
5 Albany Park
15%
6 Barnehurst
15%
5 Brimsdown
15%
4 Sundridge Park
15%
6 Crews Hill
14%
6 Knockholt
14%
4 Winchmore Hill
14%
5 Gordon Hill
13%
6 Woodmansterne
13%
5 Grange Park
12%
6 Reedham
12%
6 Riddlesdown
12%
No matching quizzes found
Score Distribution
Percent of People with Each Score
Percentile by Number Answered
Your Score History
You have not taken this quiz since the last reset